000 00445nam a2200193Ia 4500
003 0100
008 130227s9999 xx 000 0 und d
040 _cARRUPELIB
050 _aPR 9369.3 .C58 I5
100 _aCoetzee, J. M.
245 _aIn the Heart of the Country
260 _aLondon
260 _bVintage books
260 _C1999
300 _a151p.
300 _b20cm.
650 _bJesus Christ - Historicity
942 _2lcc
_01
999 _c6580
_d6580